Národní galerie v Praze : sbírky ve Šternberském paláci /

Hlavní autor: Kesner, Ladislav, 1928-
Jazyk: Čeština
Vydáno: Praha : Sportovní a turistické nakladatelství, 1961
Vydání: 1. vyd.
Edice: Poznáváme starou a novou Prahu
Témata:
Externí odkaz: Digitalizovaný dokument
Fyzický popis: 62 s.
Knihy
Uloženo v:
LEADER 01104nam a22002651a 4500
001 000725565
003 CZ BrMZK
005 20180328135919.0
008 040712s1961 xr e cze
015 |a cnb000611801 
035 |a (OCoLC)85466451 
040 |a BOA001  |b cze  |c BOA001 
100 1 |a Kesner, Ladislav,  |d 1928-  |7 jk01060092  |4 aut 
245 1 0 |a Národní galerie v Praze :  |b sbírky ve Šternberském paláci /  |c Ladislav Kesner 
250 |a 1. vyd. 
260 |a Praha :  |b Sportovní a turistické nakladatelství,  |c 1961 
300 |a 62 s. 
490 1 |a Poznáváme starou a novou Prahu 
830 0 |a Poznáváme starou a novou Prahu  |0 s 
856 4 1 |u http://www.digitalniknihovna.cz/mzk/uuid/uuid:833e67a0-a2cc-11e3-9d7d-005056827e51  |y Digitalizovaný dokument  |x NDK 
910 |a BOA001  |b PK-0028.328  |b X-0462.243 
964 |a Praha - obrazárny: Národní galerie - průvodci 
990 |a BK 
996 6 |b 2618957131  |c X-0462.243  |l MZK  |r Sklad / do 24 hodin  |n 0  |w 000725565  |u 000020  |a 1  |e BOA001  |j MZK50  |s P 
996 7 |b 3119646361  |c PK-0028.328  |l MZK  |r Sklad / do 1 hodiny  |n 3  |w 000725565  |u 000010  |a 1  |e BOA001  |j MZK50  |s A